'The' Movie Posters Quiz Stats

 Plays Quiz Updated Sep 6, 2018

     
Support Sporcle.
Go Orange.
Score 0/16 Timer 04:00
0 Plays Today
% Correct
The Incredibles
95.7%
The Shining
91.9%
The Godfather
91.2%
Pirate of the Caribbean: Curse of the Black Pearl
88.8%
The Avengers
87.4%
The Hobbit: An Unexpected Journey
85.4%
Back to the Future
83.4%
The Nightmare Before Christmas
64.3%
% Correct
The Wolf of Wall Street
60%
The Mummy
52.8%
The Shawshank Redemption
51.6%
The Help
48.8%
Gone with the Wind
39.8%
The Terminator
33.2%
The Birds
23.8%
The 40-Year-Old Virgin
4.1%

From the Vault

Erase Asia by Capital (A-Z)

by goc3

If you've done your job correctly, Asia will be a blank void when the quiz is over.
Remove Ads.
Support Sporcle.
Get the best of Sporcle when you Go Orange. This ad-free experience offers more features, more stats, and more fun while also helping to support Sporcle. Thank you for becoming a member.

Show Comments

Extras

Top Quizzes Today


Score Distribution

Your Account Isn't Verified!

In order to create a playlist on Sporcle, you need to verify the email address you used during registration. Go to your Sporcle Settings to finish the process.

Report this User

Report this user for behavior that violates our Community Guidelines.

Details: